A szelíd Nietzsche

Elmentve itt :
Bibliográfiai részletek
Szerző: Sas Andor
Adatforrás:Philobibl
Forrásdokumentuma:Szabadgondolat 4
1914., 55-62. p.
Dokumentumtípus: Cikk
Nyelv:magyar
Kulcsszavak:Nietzsche
LEADER 00285nab a2200109 c 4500
001 bibDOK00010154
005 20200924120539.6
008 060518s1914 hu hun
100 1 |a Sas Andor 
245 1 2 |a A szelíd Nietzsche  |c Sas Andor 
695 |a Nietzsche 
773 0 |t Szabadgondolat 4  |g 1914., 55-62. p.